000 00759nam a2200229Ia 4500
001 16636
003 GE_BSU
008 181216s||||||||xx |||||||||||||| ||und||
040 _cGE_BSU
080 _a82-93:821.353.1-32
100 _aმთვარაძე, ს.
245 _aუცნაური ცხოველი
245 _bსათავგ. მოთხრობა
245 _cპ/მგ.რედ.შ.აფხაიძე. და ა. ჯანაშვილი
260 _aთბილისი
260 _bსაბლიტგამი
260 _c1954
300 _a272გვ. ; 22სმ
653 _aსათავგ. მოთხრობა
653 _aუცნაური ცხოველი
942 _cBK
999 _c49702
_d49702